| 000 | 01324nam a2200277 i 4500 | ||
|---|---|---|---|
| 003 | EG-ScBUE | ||
| 005 | 20240117102205.0 | ||
| 008 | 100707m19781986ua f b 00010 ara d | ||
| 040 |
_aEG-ScBUE _bara _erda _cEG-ScBUE _dEG-ScBUE |
||
| 043 | _ae------ | ||
| 082 | 0 | 4 |
_222 _bع ا ش _a940.1 |
| 100 | 1 |
_916009 _aعاشور، سعيد عبد الفتاح، _eمؤلف. |
|
| 245 | 1 | 0 |
_aأوربا العصور الوسطى / _cتأليف دكتور سعيد عبد الفتاح عاشور، أستاذ كرسي تاريخ العصور الوسطى، كلية الآداب، جامعة القاهرة. |
| 250 | _aالطبعة السابعة. | ||
| 264 | 1 |
_aالقاهرة : _bمكتبة الأنجلو المصرية، _c1978-1986. |
|
| 300 |
_a2 مجلد ؛ _c24 سم |
||
| 336 |
_2rdacontent _aنص _btxt |
||
| 337 |
_aبدون وسيط _2rdamedia _bn |
||
| 338 |
_aمجلد _bnc _2rdacarrier |
||
| 504 | _aيشتمل على إرجاعات ببليوجرافية وكشافات. | ||
| 505 | 0 | _aالمحتويات : المجلد الأول. التاريخ السياسي -- المجلد الثاني. النهضات والحضارة والنظم. | |
| 541 |
_aألف باء ؛ _cشراء ؛ |
||
| 651 | 7 |
_aأوروبا _xتاريخ _yالعصور الوسطى. _2BUEsh |
|
| 655 | _vReading book | ||
| 942 |
_2ddc _cBB |
||
| 999 |
_c14422 _d14422 |
||